000
00408nam a2200145Ia 4500
008
100204s9999 xx 000 0 und d
082
_b
6745
100
_a
शिरवळकर सुहास
245
_a
निदान
260
_b
"दिलिप प्रकाशन , मुंबई"
_c
1984
300
_a
230
630
_a
निदान
730
_a
निदान
942
_c
BOOK
999
_c
451183
_d
451180